Việt Nam- Đông Nam Á ngôn ngữ và văn hóa
Wedi'i Gadw mewn:
| Prif Awdur: | |
|---|---|
| Fformat: | Llyfr |
| Iaith: | Vietnamese |
| Cyhoeddwyd: |
H.
Giáo Dục
2007
|
| Pynciau: | |
| Tagiau: |
Ychwanegu Tag
Dim Tagiau, Byddwch y cyntaf i dagio'r cofnod hwn!
|
| Thư viện lưu trữ: | Trung tâm Học liệu Lê Vũ Hùng, Trường Đại học Đồng Tháp |
|---|
| LEADER | 00795pam a22002538a 4500 | ||
|---|---|---|---|
| 001 | 00030222 | ||
| 005 | 20171026081022.0 | ||
| 008 | 121227s2007 ||||||viesd | ||
| 020 | |c 232000 | ||
| 041 | 0 | # | |a vie |
| 082 | 1 | 4 | |a 306.44 |b V308N |
| 100 | 1 | # | |a Phạm, Đức Dương |
| 245 | 1 | 0 | |a Việt Nam- Đông Nam Á ngôn ngữ và văn hóa |c Phạm Đức Chương |
| 260 | # | # | |a H. |b Giáo Dục |c 2007 |
| 300 | # | # | |a 959 tr. |c 24 cm. |
| 653 | # | # | |a Ngôn ngữ |
| 653 | # | # | |a Đông Nam Á |
| 653 | # | # | |a Văn hóa |
| 653 | # | # | |a Việt Nam |
| 852 | # | # | |j KD.0014269 |j KM.0015496 |
| 852 | # | # | |b Kho đọc |j KD.0014269 |
| 852 | # | # | |b Kho mượn |j KM.0015496 |
| 910 | |d 27/12/2012 | ||
| 980 | # | # | |a Trung tâm Học liệu Lê Vũ Hùng, Trường Đại học Đồng Tháp |